000 nam a22 a 4500
999 _c437441
_d437441
003 BLK
005 20211118105414.0
008 180408b bul|||||r ||||||| ||bul||
040 _aBLK
041 _aBUL
_cBUL
080 _aПриложна ботаника. Икономическа ботаника. Диворастящи лекарствени растения и др. 581.6
_b581.6
_z581.6
100 _aГегов, Атанас Георгиев
_eпърви автор
_9448638
139 _aГегов, Атанас Георгиев
245 1 0 _aБотаника
_cАтанас Георгиев Гегов
257 _aBGR
260 _bЗемиздат
_c1959
_9209440
_aСофия
_n954-05-
300 _a400 с.
_bс ил., табл.
_c23 см
380 _a5
650 0 _aБотаника - учебници за ВУЗ
_9245174
653 7 _aботаника
_9182340
852 _aЦб 15105
_bО
942 _cKNG
_n0
_s1
944 _aCR
_c2021-11-18
_kВК